IASC Foundation publishes complete IASB standards for 2007 (Record no. 106664)

MARC details
000 -LEADER
fixed length control field 01135cam a2200205 4500
001 - CONTROL NUMBER
control field L137157
008 - FIXED-LENGTH DATA ELEMENTS--GENERAL INFORMATION
fixed length control field 070319s2007 xxk f 000 0 eng d
035 ## - SYSTEM CONTROL NUMBER
System control number (Sirsi) u137157
041 0# - LANGUAGE CODE
Language code of text/sound track or separate title eng
110 2# - MAIN ENTRY--CORPORATE NAME
Corporate name or jurisdiction name as entry element International Accounting Standards Board
9 (RLIN) 4097
245 00 - TITLE STATEMENT
Title IASC Foundation publishes complete IASB standards for 2007
Medium [electronic resource]
260 ## - PUBLICATION, DISTRIBUTION, ETC.
Place of publication, distribution, etc. London
Name of publisher, distributor, etc. IASB
Date of publication, distribution, etc. 2007
520 ## - SUMMARY, ETC.
Summary, etc. Provides the complete consolidated text of the latest version of IFRSs, including International Accounting Standards (IASs) and Interpretations, and the supporting documents published by the IASB. Includes the IFRS 8 Operating Segments, new interpretations of IFRICs 9-12, amendments to other IFRSs resulting from those pronouncements, amendments to the preface of International Financial Reporting Standards, and the Due Process Handbook for the IASB.
590 ## - LOCAL NOTE (RLIN)
Local note KA NTK
650 24 - SUBJECT ADDED ENTRY--TOPICAL TERM
Topical term or geographic name entry element INTERNATIONAL ACCOUNTING STANDARDS
651 #4 - SUBJECT ADDED ENTRY--GEOGRAPHIC NAME
Geographic name International
690 ## - LOCAL SUBJECT ADDED ENTRY--TOPICAL TERM (OCLC, RLIN)
Topical term or geographic name as entry element MANAGEMENT-BUSINESS MANAGEMENT-FINANCIAL MANAGEMENT-ACCOUNTING
856 40 - ELECTRONIC LOCATION AND ACCESS
Uniform Resource Identifier <a href="https://www.iasb.org/">https://www.iasb.org/</a>
Public note View the item free of charge at www.iasb.org...
942 ## - ADDED ENTRY ELEMENTS (KOHA)
Suppress in OPAC 0
Holdings
Withdrawn status Lost status Source of classification or shelving scheme Damaged status Not for loan Home library Current library Shelving location Date acquired Total Checkouts Full call number Barcode Date last seen Copy number Price effective from Koha item type
    Dewey Decimal Classification     Virtual Virtual Online 19/03/2007   ONLINE PUBLICATION 137157-1001 06/08/2019 1 06/08/2019 Book